Human resource management

Αποθηκεύτηκε σε:
Λεπτομέρειες βιβλιογραφικής εγγραφής
Κύριος συγγραφέας: Milkovich, George T.
Άλλοι συγγραφείς: Boudreau, John W.
Μορφή: Βιβλίο
Γλώσσα:English
Δημοσίευση: Burr Ridge, Illinois : Irwin, 1994
Έκδοση:7th ed.
Θέματα:
Ετικέτες: Προσθήκη ετικέτας
Δεν υπάρχουν, Καταχωρήστε ετικέτα πρώτοι!

MARC

LEADER 00000nam a2200000 i 4500
001 1/50346
008 960404s1994 eng d
020 |a 0-256-11608-3 
035 |l 10026988 
040 |a GR-MY-UA  |b gre  |e aacr 
041 0 |a eng 
082 0 |a 658.3 
100 1 |a Milkovich, George T. 
245 1 0 |a Human resource management /  |c George T. Milkovich, John W. Boudreau 
250 |a 7th ed. 
260 |a Burr Ridge, Illinois :   |b Irwin,   |c 1994 
300 |a 804 σ. 
504 |a Περιλαμβάνει βιβλιογραφικές παραπομπές και ευρετήριο 
650 0 0 |a Personnel management. 
700 1 |a Boudreau, John W. 
852 |a INST  |b CHIOS  |e 19960404  |h 658.3 MIL  |p 005200001663  |q 005200001663  |t BK  |y 0 
909 |a Χ  |b 040235